Welcome to the Holygrace Academy Library

Please use search bar below to get started

A FLAME OF LEARNING (Record no. 5401)

MARC details
000 -LEADER
fixed length control field 00313nam a22001337a 4500
020 ## - INTERNATIONAL STANDARD BOOK NUMBER
ISBN 81-87326-62
082 ## - DEWEY DECIMAL CLASSIFICATION NUMBER
Classification number 158
Item number KRI/E
100 ## - MAIN ENTRY--AUTHOR NAME
Personal name KRISHNAMURTI
245 ## - TITLE STATEMENT
Title A FLAME OF LEARNING
260 ## - PUBLICATION, DISTRIBUTION, ETC. (IMPRINT)
Place of publication INDIA
Name of publisher KRISHNAMURTI FOUNDATION INDIA
300 ## - PHYSICAL DESCRIPTION
Number of Pages 205
650 ## - SUBJECT ADDED ENTRY--TOPICAL TERM
Topical Term PERSONALITY DEVELOPMENT
Geographic subdivision INDIA
942 ## - ADDED ENTRY ELEMENTS (KOHA)
Koha item type Books
Holdings
Withdrawn status Lost status Collection code Home library Current library Shelving location Date acquired Source of acquisition Cost, normal purchase price Full call number Accession Number Koha item type
    Reference Main Library Main Library SHELF-17H-PERSONALITY DEVELOPMENT BOOKS 20/04/2013 PURCHASE 130.00 158 KRI/E 07453 Books